En el camino de la hermenéutica analógica (Record no. 267490)
[ view plain ]
| 000 -CABECERA | |
|---|---|
| Campo de control de longitud fija | 00479nam a22001697u 4500 |
| 008 - CÓDIGOS DE INFORMACIÓN DE LONGITUD FIJA | |
| Campo de control de longitud fija | 130405s2005 xxu||||| |||| 00| 0 spa d |
| 020 ## - NÚMERO INTERANCIONAL NORMALIZADO PARA LIBROS (ISBN) | |
| Número Internacional Normalizado para Libros (ISBN) | 8482601628 |
| 041 ## - CÓDIGO DE LENGUA | |
| Código de lengua del texto/banda sonora o título independiente | spa |
| 001 - NÚMERO DE CONTROL | |
| Campo de control | 75244 |
| 100 1# - PUNTO DE ACCESO PRINCIPAL-NOMBRE DE PERSONA | |
| Nombre de persona | Beuchot, Mauricio |
| Títulos y otros términos asociados al nombre | (O.P.) |
| Fechas asociadas al nombre | (1950-) |
| 9 (RLIN) | 1516 |
| 245 00 - MENCIÓN DE TÍTULO | |
| Título | En el camino de la hermenéutica analógica |
| Mención de responsabilidad, etc. | Mauricio Beuchot Puente |
| 260 ## - PUBLICACIÓN, DISTRIBUCIÓN, ETC... (PIE DE IMPRENTA) | |
| Lugar de publicación, distribución, etc. | Salamanca: |
| Nombre del editor, distribuidor, etc. | San Esteban, |
| Fecha de publicación, distribución, etc. | 2005 |
| 300 ## - DESCRIPCIÓN FÍSICA | |
| Extensión | 196 p. |
| Dimensiones | ;20 cm. |
| 490 0# - MENCIÓN DE SERIE | |
| Mención de serie | Aletheia |
| Designación de volumen o secuencia | 41 |
| 650 04 - PUNTO DE ACCESO ADICIONAL DE MATERIA-TÉRMINO DE MATERIA | |
| Término de materia o nombre geográfico como elemento inicial | Metafísica |
| 9 (RLIN) | 13351 |
| 942 ## - ENTRADA DE ELEMENTOS AGREGADOS (KOHA) | |
| Koha [por defecto] tipo de item | Libros |
| Suprimido | Perdido | Estropeado | No para préstamo | Localización permanente | Localización actual | Localización en estantería | Fecha adquisición | Préstamos totales | Signatura completa | Número de Registro / Código de Barras | Fecha última consulta | Fecha último préstamo | Fecha del precio de reemplazo | Tipo de item de Koha |
|---|---|---|---|---|---|---|---|---|---|---|---|---|---|---|
| San Esteban | San Esteban | Depósito de libros | 21/05/2013 | 1 | 111 BEU cam | 75244 | 03/08/2017 | 10/07/2017 | 21/05/2013 | Libros |
